Precalculus: graphs and models. / (Record no. 8335)
[ view plain ]
| 000 -LEADER | |
|---|---|
| fixed length control field | 01844cam a2200361 a 4500 |
| 001 - CONTROL NUMBER | |
| control field | 12363883 |
| 003 - CONTROL NUMBER IDENTIFIER | |
| control field | OSt |
| 005 - DATE AND TIME OF LATEST TRANSACTION | |
| control field | 20211220132229.0 |
| 008 - FIXED-LENGTH DATA ELEMENTS--GENERAL INFORMATION | |
| fixed length control field | 010329s2001 maua 001 0 eng |
| 010 ## - LIBRARY OF CONGRESS CONTROL NUMBER | |
| LC control number | 00694567 |
| 020 ## - INTERNATIONAL STANDARD BOOK NUMBER | |
| International Standard Book Number | 00702424303 |
| 040 ## - CATALOGING SOURCE | |
| Original cataloging agency | DLC |
| Transcribing agency | DLC |
| Modifying agency | DLC |
| 050 00 - LIBRARY OF CONGRESS CALL NUMBER | |
| Classification number | QA331.3.B38 |
| 082 00 - DEWEY DECIMAL CLASSIFICATION NUMBER | |
| Classification number | 512/.1 |
| Edition number | 21 |
| 100 1# - MAIN ENTRY--PERSONAL NAME | |
| Personal name | Barnett, Raymond A. |
| 245 10 - TITLE STATEMENT | |
| Title | Precalculus: graphs and models. / |
| Statement of responsibility, etc. | Raymond A. Barnett, Michael R. Ziegler, Karl E. Byleen |
| 260 ## - PUBLICATION, DISTRIBUTION, ETC. | |
| Place of publication, distribution, etc. | Boston: |
| Name of publisher, distributor, etc. | McGraw Hill, |
| Date of publication, distribution, etc. | 2005. |
| 300 ## - PHYSICAL DESCRIPTION | |
| Extent | xxx, 930 p. : |
| Other physical details | ill. ; |
| Dimensions | 27 cm. |
| 490 1# - SERIES STATEMENT | |
| Series statement | Barnett, Ziegler & Byleen's precalculus series |
| 500 ## - GENERAL NOTE | |
| General note | Includes indexes. |
| 505 ## - FORMATTED CONTENTS NOTE | |
| Formatted contents note | Contents: Functions, graphs, and models -- Modeling with linear and quadratic functions -- Polynomial and rational functions -- Exponential and logarithmic functions -- Trigonometric functions -- Trigonometric identities and conditional equations -- Additional topics in trigonometry -- Modeling with linear systems -- Metrices and determinants -- Sequences, induction, and probability -- Additional topics in analytic geometry -- |
| 650 #0 - SUBJECT ADDED ENTRY--TOPICAL TERM | |
| Topical term or geographic name entry element | Functions. |
| 650 #0 - SUBJECT ADDED ENTRY--TOPICAL TERM | |
| Topical term or geographic name entry element | Algebra |
| General subdivision | Graphic methods. |
| 653 ## - INDEX TERM--UNCONTROLLED | |
| Uncontrolled term | Mathematical models |
| 700 1# - ADDED ENTRY--PERSONAL NAME | |
| Personal name | Ziegler, Michael R. |
| 700 1# - ADDED ENTRY--PERSONAL NAME | |
| Personal name | Byleen, Karl E. |
| 800 1# - SERIES ADDED ENTRY--PERSONAL NAME | |
| Personal name | Barnett, Raymond A. |
| Title of a work | Barnett, Ziegler & Byleen's precalculus series. |
| 856 42 - ELECTRONIC LOCATION AND ACCESS | |
| Materials specified | Publisher description |
| Uniform Resource Identifier | <a href="http://www.loc.gov/catdir/enhancements/fy0701/00694567-d.html">http://www.loc.gov/catdir/enhancements/fy0701/00694567-d.html</a> |
| 856 41 - ELECTRONIC LOCATION AND ACCESS | |
| Materials specified | Table of contents only |
| Uniform Resource Identifier | <a href="http://www.loc.gov/catdir/enhancements/fy0701/00694567-t.html">http://www.loc.gov/catdir/enhancements/fy0701/00694567-t.html</a> |
| 906 ## - LOCAL DATA ELEMENT F, LDF (RLIN) | |
| a | 7 |
| b | cbc |
| c | orignew |
| d | 1 |
| e | ocip |
| f | 20 |
| g | y-gencatlg |
| 942 ## - ADDED ENTRY ELEMENTS (KOHA) | |
| Source of classification or shelving scheme | Library of Congress Classification |
| Koha item type | Books |
| Withdrawn status | Lost status | Source of classification or shelving scheme | Damaged status | Not for loan | Home library | Current library | Shelving location | Date acquired | Full call number | Barcode | Date last seen | Price effective from | Koha item type |
|---|---|---|---|---|---|---|---|---|---|---|---|---|---|
| Library of Congress Classification | WISCONSIN INTERNATIONAL UNIVERSITY COLLEGE, GHANA KUMASI LIBRARY | WISCONSIN INTERNATIONAL UNIVERSITY COLLEGE, GHANA KUMASI LIBRARY | General Stacks | 18/10/2019 | QA331.3.B38(2e) | K/096/96/19 | 20/12/2021 | 20/12/2021 | Books |
